000 00509nam a2200169 i 4500
001 137559
003 ES-MaACL
005 20230906195410.0
007 t|
008 070214s1973 sp r ||||1| spa d
100 1 _aSánchez-Céspedes, Gregorio.
_9102545
245 1 3 _aLa mujer fuerte, Josefa de Prado /
_cGregorio Sánchez-Céspedes.
260 _aSantander :
_bSal Terrae,
_c1973.
300 _a126 p., 8 lám. ;
_c17 cm.
600 1 4 _aPrado, Josefa de.
_9158603
852 _aES-MaACL
_jC-54177
_bR.87045
999 _c137559
_d137559